[Event "SVK-chT4A21 1213"]
[Site "Slovakia"]
[Date "2013.01.20"]
[Round "7.4"]
[White "Tokoly, Daniel"]
[Black "Podjavorinsky, Michal"]
[Result "0-1"]
[WhiteElo "1499"]
[BlackElo "1681"]
[PlyCount "80"]
[EventDate "2012.10.14"]
[EventType "team-tourn"]
[EventRounds "11"]
[EventCountry "SVK"]
[SourceTitle "EXT 2022"]
[Source "ChessBase"]
[SourceDate "2021.10.06"]
[SourceVersion "1"]
[SourceVersionDate "2021.10.06"]
[SourceQuality "1"]
[WhiteTeam "Senica CVC II"]
[BlackTeam "Vrbove II"]
[WhiteTeamCountry "SVK"]
[BlackTeamCountry "SVK"]

1. e4 d5 2. exd5 Qxd5 3. Nc3 Qa5 4. Bc4 Nf6 5. Nf3 Bg4 6. d3 Nbd7 7. Bf4 e6 8. a3 Bd6 9. Bg3 Qh5 10. Qe2 Bxg3 11. fxg3 Ne5 12. Rf1 Nxc4 13. dxc4 Rd8 14. Qe5 Bxf3 15. Qxh5 Bxh5 16. Nb5 c6 17. Nc3 0-0 18. h3 Bg6 19. Rf2 Ne4 20. Nxe4 Bxe4 21. c3 Rd7 22. Re2 Bg6 23. b4 Rfd8 24. g4 Bd3 25. Rf2 Bxc4 26. a4 Bb3 27. a5 Rd1+ 28. Rxd1 Rxd1+ 29. Ke2 Rc1 30. Kd2 Rc2+ 31. Ke3 Rxf2 32. Kxf2 Kf8 33. Ke3 Ke7 34. g5 Bc4 35. g3 Kd6 36. Kd4 Bf1 37. h4 b6 38. axb6 axb6 39. c4 c5+ 40. bxc5+ bxc5+ 0-1

[Event "SVK-chT4A21 1213"]
[Site "Slovakia"]
[Date "2012.12.16"]
[Round "5.4"]
[White "Piestansky, Jan"]
[Black "Tokoly, Daniel"]
[Result "1/2-1/2"]
[WhiteElo "1588"]
[BlackElo "1499"]
[PlyCount "120"]
[EventDate "2012.10.14"]
[EventType "team-tourn"]
[EventRounds "11"]
[EventCountry "SVK"]
[SourceTitle "EXT 2022"]
[Source "ChessBase"]
[SourceDate "2021.10.06"]
[SourceVersion "1"]
[SourceVersionDate "2021.10.06"]
[SourceQuality "1"]
[WhiteTeam "Chtelnica Kamenar"]
[BlackTeam "Senica CVC II"]
[WhiteTeamCountry "SVK"]
[BlackTeamCountry "SVK"]

1. e4 e5 2. Nf3 Nc6 3. Bc4 Bc5 4. h3 Nf6 5. d3 d6 6. c3 0-0 7. 0-0 Be6 8. Bb5 Ne7 9. Ba4 Ng6 10. Bg5 h6 11. Be3 Bb6 12. Bc2 Qd7 13. Kh2 c6 14. Nbd2 d5 15. exd5 Nxd5 16. d4 exd4 17. Nxd4 Bxh3 18. gxh3 Bc7+ 19. Kg1 Qxh3 20. f4 Nxe3 21. Qf3 Qxf3 22. Rxf3 Nxc2 23. Nxc2 Bxf4 24. Ne4 Rfe8 25. Nc5 Re2 26. Nd4 Rxb2 27. Nd3 Bh2+ 28. Kh1 Rd2 29. Nb3 Rxd3 30. Rxd3 Be5 31. Rad1 Kh7 32. c4 f6 33. Nc5 b6 34. Ne4 Nf4 35. Rd7 h5 36. Rb7 Re8 37. Rxa7 Bb8 38. Nxf6+ Kh6 39. Nxe8 Bxa7 40. Rd6+ Kg5 41. Nxg7 c5 42. Ne6+ Nxe6 43. Rxe6 Kf5 44. Re7 Bb8 45. Rb7 Be5 46. Rxb6 Bd4 47. a4 Bc3 48. Rd6 Ke4 49. Rd1 h4 50. Kg2 Ke3 51. Kh3 Ke2 52. Rd5 Bb4 53. Kxh4 Ke3 54. Kg4 Ke4 55. Kg5 Kf3 56. Kf5 Ke3 57. Ke6 Kf4 58. Kd6 Ke4 59. Rxc5 Kd4 60. a5 Bxc5+ 1/2-1/2

[Event "SVK-ch U14"]
[Site "Liptovsky Mikulas"]
[Date "2007.04.25"]
[Round "6"]
[White "Tokoly, Daniel"]
[Black "Matus, David"]
[Result "1-0"]
[WhiteElo "1350"]
[BlackElo "1350"]
[PlyCount "109"]
[EventDate "2007.04.22"]
[EventType "swiss"]
[EventRounds "9"]
[EventCountry "SVK"]
[SourceTitle "EXT 2008"]
[Source "ChessBase"]
[SourceDate "2007.11.25"]
[SourceVersion "1"]
[SourceVersionDate "2007.11.25"]
[SourceQuality "1"]

1. e4 e5 2. Nf3 Nc6 3. Bb5 Nf6 4. Nc3 Bb4 5. a3 Bxc3 6. dxc3 0-0 7. Bxc6 dxc6 8. Qxd8 Rxd8 9. Bg5 Rd6 10. Bxf6 Rxf6 11. Nxe5 Re6 12. 0-0-0 g6 13. Nf3 Rxe4 14. Rhe1 Rxe1 15. Rxe1 Be6 16. Ng5 Re8 17. Nxe6 Rxe6 18. Rxe6 fxe6 19. Kd2 Kf7 20. Ke3 Kf6 21. Ke4 e5 22. f4 exf4 23. Kxf4 g5+ 24. Ke4 Ke6 25. g4 h6 26. c4 c5 27. b4 b6 28. b5 Kd6 29. Kf5 c6 30. a4 cxb5 31. axb5 Ke7 32. Kg6 Ke6 33. Kxh6 Kf6 34. Kh5 Ke5 35. Kxg5 Kd4 36. Kf5 Kxc4 37. g5 Kc3 38. g6 Kxc2 39. g7 c4 40. g8Q c3 41. Qa2+ Kd3 42. h4 c2 43. Qxc2+ Kxc2 44. h5 Kc3 45. h6 Kc4 46. h7 Kxb5 47. h8Q a5 48. Qb2+ Ka6 49. Qe2+ Kb7 50. Qb5 Ka7 51. Ke5 Kb7 52. Kd6 Ka7 53. Kc7 a4 54. Qxb6+ Ka8 55. Qb8# 1-0

[Event "SVK-ch U14"]
[Site "Liptovsky Mikulas"]
[Date "2007.04.22"]
[Round "1"]
[White "Zaymus, Mikulas"]
[Black "Tokoly, Daniel"]
[Result "1-0"]
[WhiteElo "1504"]
[BlackElo "1350"]
[PlyCount "91"]
[EventDate "2007.04.22"]
[EventType "swiss"]
[EventRounds "9"]
[EventCountry "SVK"]
[SourceTitle "EXT 2008"]
[Source "ChessBase"]
[SourceDate "2007.11.25"]
[SourceVersion "1"]
[SourceVersionDate "2007.11.25"]
[SourceQuality "1"]

1. d4 d5 2. e3 Bf5 3. c4 c6 4. Nc3 e6 5. Bd2 Nf6 6. Nf3 Bg4 7. h3 Bh5 8. cxd5 Nxd5 9. Be2 Bb4 10. Nxd5 Bxd2+ 11. Qxd2 Qxd5 12. a3 Nd7 13. Rc1 Rd8 14. b4 Nf6 15. Qd3 a5 16. b5 Rc8 17. Rc5 Bg6 18. Qc4 Qxc4 19. Rxc4 0-0 20. bxc6 Rxc6 21. Rxc6 bxc6 22. Ne5 Be4 23. f3 Bd5 24. e4 Bb3 25. Nxc6 a4 26. 0-0 Kh8 27. Bd1 Rc8 28. Bxb3 Rxc6 29. Bxa4 Ra6 30. Bb5 Rxa3 31. Rd1 Rb3 32. Bc6 Rb6 33. d5 h6 34. Ba4 Rd6 35. dxe6 Rxd1+ 36. Bxd1 fxe6 37. Kf2 Kh7 38. g4 g5 39. Bc2 Kg7 40. Ke3 e5 41. Kf2 Kf7 42. Kg3 Ke6 43. h4 gxh4+ 44. Kxh4 Nh7 45. Kh5 Ng5 46. Bd1 1-0